00462nam a2200157Ia 4500008004100000082002500041100003000066245006400096260000900160260001900169260000900188300000900197500004300206650002700249650002800276260312s9999 xx 000 0 und d a342.3 R426t 1973 HNA aRepública Árabe Siria 0aTexto de la constitución de la República Árabe Siria. as.e. bDamasco, Siria c1973 a45p. aColección Humberto Nogueira Alcalá aDerecho constitucional aRepública Arabe Siria